000 00470nam a22001217a 4500
999 _c18812
_d18812
008 210219b xxu||||| |||| 00| 0 eng d
050 _aGMB1204
_b.J86 2016 c.1
100 _aJuma, Delphine Akinyi
245 _aDeterminants of choice of mobile phone brands among University students
_ba survey of selected Universities in Nakuru town Kenya
_cDelphine Akinyi Juma
260 _aKabarak, Nakuru, Kenya
_bKabarak University
_c2016
300 _a81 leaves
942 _2lcc
_cTHE